Top 10 Städte Schweiz - SuddenDeath - Statistiken

Allgemein
  • Dieses Quiz wurde 287 mal gespielt
  • Das Durchschnittsergebnis liegt bei 7 aus 10
Answers on the Grid
Answers color-coded by a green-red scale on the quiz's grid according to % correct below.
Vevey
Baden
Lausanne
Aarau
Brig
Genf
Sankt Gallen
Basel/Bazel
Baar
Locarno
Nyon
Solothurn
Luzern
Winterthur
Bern
Lugano
Bulach
Zürich
Wil
Biel
 
Antwortstatistiken
Antwort % Korrekt
Genf
84%
Bern
83%
Zürich
81%
Basel/Bazel
80%
Luzern
77%
Lausanne
70%
Sankt Gallen
68%
Lugano
56%
Winterthur
46%
Biel
29%
Keine übereinstimmenden Quizze gefunden
Verteilung der Resultate
Anzahl Personen mit jedem Resultat
Perzentil nach korrekt beantworteten Fragen
Ihre Resultats-Entwicklung
Sie haben dieses Quiz noch nicht gespielt